004390000a22001090004500090001700000245014800017041001400165100003300179942001300212773008700225999001700312 aAsbSeriadas10aAbejas y avispas (Hymenoptera: Apidae, Vespidae, Pompilidae y Sphecidae) del Santuario Nacional de Flora y Fauna de Iguaque, Boyacá, Colombia0 aEspañol1 aSarmiento , Carlos E.999965 cARTICULO1 tBoletín del Museo de Entomología de la Universidad del Valleh2q1-12d1993g1 c15734d15734